Rosetta stone : (Record no. 41252)
[ view plain ]
| 000 -LEADER | |
|---|---|
| fixed length control field | 00830cpcaa22002417a 4500 |
| 001 - CONTROL NUMBER | |
| control field | mm 79003177 |
| 003 - CONTROL NUMBER IDENTIFIER | |
| control field | DLC |
| 005 - DATE AND TIME OF LATEST TRANSACTION | |
| control field | 20260227111642.0 |
| 008 - FIXED-LENGTH DATA ELEMENTS--GENERAL INFORMATION | |
| fixed length control field | 791026|||||||||||| egy |
| 010 ## - LIBRARY OF CONGRESS CONTROL NUMBER | |
| LC control number | mm 79003177 |
| 040 ## - CATALOGING SOURCE | |
| Original cataloging agency | DLC |
| Transcribing agency | DLC |
| Modifying agency | DLC |
| Description conventions | dacs |
| 041 ## - LANGUAGE CODE | |
| Language code of text/sound track or separate title | egy |
| -- | eng |
| 072 #7 - SUBJECT CATEGORY CODE | |
| Subject category code | C |
| Source | lcmd |
| 245 00 - TITLE STATEMENT | |
| Title | Rosetta stone : |
| Form | photograph of facsimile, |
| Inclusive dates | 1882. |
| 300 ## - PHYSICAL DESCRIPTION | |
| Extent | 1 |
| Type of unit | item. |
| 506 0# - RESTRICTIONS ON ACCESS NOTE | |
| Terms governing access | Open to research. |
| 533 ## - REPRODUCTION NOTE | |
| Type of reproduction | Photograph of facsimile. |
| Place of reproduction | [S.l.]. |
| 546 ## - LANGUAGE NOTE | |
| Language note | Collection material in Eqyptian, with English. |
| 580 ## - LINKING ENTRY COMPLEXITY NOTE | |
| Linking entry complexity note | Forms part of: Miscellaneous Manuscripts collection. |
| 630 00 - SUBJECT ADDED ENTRY--UNIFORM TITLE | |
| Uniform title | Rosetta stone. |
No items available.